[Event "TCh-FRA Top 12 2015"]
[Site "Montpellier FRA"]
[Date "2015.06.06"]
[Round "8.4"]
[Board "2"]
[White "Gajewski, Grzegorz"]
[Black "Ragger, Markus"]
[Result "1/2-1/2"]
[WhiteTitle "GM"]
[BlackTitle "GM"]
[WhiteElo "2648"]
[BlackElo "2668"]
[WhiteTeam "MULHOUSE PHILIDOR"]
[BlackTeam "BISCHWILLER"]
[WhiteFideId "1116207"]
[BlackFideId "1610856"]
[EventDate "2015.05.30"]

1. c4 c5 2. g3 g6 3. Bg2 Bg7 4. Nc3 Nc6 5. Nf3 d6 6. O-O Bf5 7. h3 e5 8. a3 Nge7
9. d3 O-O 10. Bd2 Rb8 11. b4 b6 12. Qa4 Bd7 13. Nb5 a6 14. Qxa6 e4 15. dxe4 Ra8
16. Qb7 cxb4 17. e5 Rb8 18. Qc7 dxe5 19. e4 Be6 20. Rfc1 b3 21. Rab1 Qd3 22. Rb2
Rfc8 23. Qd6 Bxc4 24. Qxd3 Bxd3 25. Rxb3 Rd8 26. Re1 Na5 27. Bxa5 bxa5 28. Bf1
Bxf1 1/2-1/2

[Event "TCh-FRA Top 12 2015"]
[Site "Montpellier FRA"]
[Date "2015.06.06"]
[Round "8.4"]
[Board "6"]
[White "Degraeve, Jean-Marc"]
[Black "Le Roux, Jean-Pierre"]
[Result "0-1"]
[WhiteTitle "GM"]
[BlackTitle "GM"]
[WhiteElo "2555"]
[BlackElo "2546"]
[WhiteTeam "MULHOUSE PHILIDOR"]
[BlackTeam "BISCHWILLER"]
[WhiteFideId "600270"]
[BlackFideId "609404"]
[EventDate "2015.05.30"]

1. e4 c6 2. d4 d5 3. exd5 cxd5 4. c4 Nf6 5. Nc3 Nc6 6. Bg5 Ne4 7. Nxe4 dxe4 8.
d5 Ne5 9. Qd4 f6 10. Bf4 Ng4 11. Nh3 e5 12. Qxe4 Bc5 13. Bd2 Qb6 14. O-O-O Bxf2
15. b4 Qd4 16. Qxd4 Bxd4 17. Bd3 a5 18. Rhe1 axb4 19. Bxb4 Rxa2 20. Bb1 Ra4 21.
Rxd4 Rxb4 22. Ba2 Bf5 23. Rd2 Kd7 24. Nf2 Rc8 25. Nxg4 Rcxc4+ 0-1

[Event "TCh-FRA Top 12 2015"]
[Site "Montpellier FRA"]
[Date "2015.06.06"]
[Round "8.4"]
[Board "7"]
[White "Marcelin, Cyril"]
[Black "Veys, Vincent"]
[Result "1/2-1/2"]
[WhiteTitle "GM"]
[BlackTitle "FM"]
[WhiteElo "2476"]
[BlackElo "2341"]
[WhiteTeam "BISCHWILLER"]
[BlackTeam "MULHOUSE PHILIDOR"]
[WhiteFideId "607274"]
[BlackFideId "20641567"]
[EventDate "2015.05.30"]

1. e4 e5 2. Nf3 Nc6 3. Bc4 Nf6 4. d3 Be7 5. O-O O-O 6. Re1 d6 7. a4 Bg4 8. h3
Bh5 9. c3 d5 10. exd5 Nxd5 11. a5 a6 12. Nbd2 Rb8 13. Nf1 f6 14. Ng3 Bf7 15. Nf5
Re8 16. Qb3 Bf8 17. d4 Qd7 18. dxe5 Nxe5 19. Nxe5 fxe5 20. Ng3 Nf6 21. Bg5 Bxc4
22. Qxc4+ Qf7 23. Qe2 h6 24. Bxf6 Qxf6 25. Ra4 Qf7 26. Re4 Bd6 27. f4 Rf8 28.
fxe5 Bc5+ 29. Kh1 Qe6 30. Nh5 Rf2 31. Qg4 Qxg4 32. Rxg4 Kh8 33. b4 Bf8 34. e6
Re8 35. Rf4 Rxf4 36. Nxf4 Bd6 37. Nd5 g5 38. g4 Kg7 39. Kg2 c6 40. Nb6 Kf6 41.
Nd7+ Ke7 42. Kf3 Rg8 43. Ne5 Bxe5 44. Rxe5 Rd8 45. Ke2 Rd6 46. Re4 Rd5 47. Ke3
Rd1 48. Ke2 Rd8 49. Ke3 Rd1 50. Ke2 Rd8 51. Re5 Rd5 52. Re3 Rd8 53. Rd3 Rd5 54.
Re3 Rd8 55. Rd3 1/2-1/2

[Event "TCh-FRA Top 12 2015"]
[Site "Montpellier FRA"]
[Date "2015.06.06"]
[Round "8.4"]
[Board "8"]
[White "Choisy, Mathilde"]
[Black "Maisuradze, Nino"]
[Result "1/2-1/2"]
[WhiteTitle "WFM"]
[BlackTitle "WGM"]
[WhiteElo "2182"]
[BlackElo "2279"]
[WhiteTeam "MULHOUSE PHILIDOR"]
[BlackTeam "BISCHWILLER"]
[WhiteFideId "634565"]
[BlackFideId "13601717"]
[EventDate "2015.05.30"]

1. e4 c5 2. Nf3 e6 3. b3 Nc6 4. Bb2 a6 5. c4 d5 6. exd5 exd5 7. cxd5 Nb4 8. Be2
Bf5 9. d3 Nf6 10. O-O Be7 11. Nc3 Nfxd5 12. Nxd5 Qxd5 13. d4 O-O 14. Bc4 Qd6 15.
dxc5 Qxc5 16. Bd4 Qd6 17. Be5 Qg6 18. a4 Rad8 19. Qe2 Rfe8 20. Qb2 Be4 21. Ne1
Bc5 22. Rc1 b6 23. Kh1 Qh6 24. f4 Be3 25. Rc3 Rd2 26. Rxe3 Rxb2 27. Bxb2 Qc6 28.
Rg3 g6 29. f5 Bxf5 30. Nf3 Nd3 31. Nd4 Qf6 32. Nxf5 Qxb2 33. Bxd3 Kh8 34. Nd6
Re7 35. Nxf7+ Kg7 36. Nd6 Rd7 37. Nf5+ Kf6 38. Ne3+ Kg7 39. Nf5+ Kf6 40. Ne3+
Kg7 41. Bc4 a5 42. Nf5+ Kf6 43. Nd4+ Ke7 44. Nc6+ Kd6 45. Rd3+ Kc7 46. Rxd7+
Kxd7 47. Bb5 Kd6 48. h3 Qxb3 49. Nb8 Qe3 50. Nd7 Ke7 51. Nf6 Qg3 52. Nxh7 g5 53.
Nf6 Qe5 54. Ng4 Qd4 55. Re1+ Kf8 56. Ne5 Kg7 57. Nf3 Qf4 58. Ne5 Qg3 59. Nf3 g4
60. hxg4 Qxg4 61. Re5 Kf6 62. Rg5 Qf4 63. Rd5 Kg7 64. Rd4 Qg3 65. Bd7 Qf2 66.
Kh2 Kf6 67. Kh3 Ke7 68. Bb5 Kf6 69. Rf4+ Ke7 70. g3 Qc2 71. Kg4 Qc8+ 72. Kh4
Qh8+ 73. Kg4 Qc8+ 74. Rf5 Kd6 75. Kf4 Qc1+ 76. Kg4 Qc8 77. Ng5 Ke7 78. Ne4 Qg8+
79. Kf4 Qb8+ 80. Re5+ Kf7 81. g4 Qc7 82. Kf5 Qc8+ 83. Kg5 Qc1+ 84. Kf5 Qc8+ 85.
Kf4 Qc1+ 86. Kf3 Qa3+ 87. Kf4 Qc1+ 88. Kg3 Qc7 89. Ng5+ Kf6 90. Nf3 Kg7 91. g5
Kg6 92. Be8+ Kg7 93. g6 Kf6 94. Bf7 b5 95. axb5 a4 96. b6 Qxb6 97. Re4 a3 98.
Rf4+ Kg7 99. Bc4 Kxg6 100. Ne5+ Kh6 101. Nf7+ Kg7 102. Rf2 Qc7+ 103. Rf4 Qa7
104. Ng5 a2 105. Bxa2 Qxa2 106. Nf3 Qb3 1/2-1/2

[Event "TCh-FRA Top 12 2015"]
[Site "Montpellier FRA"]
[Date "2015.06.06"]
[Round "8.5"]
[Board "2"]
[White "Nataf, Igor-Alexandre"]
[Black "Riazantsev, Alexander"]
[Result "1/2-1/2"]
[WhiteTitle "GM"]
[BlackTitle "GM"]
[WhiteElo "2534"]
[BlackElo "2671"]
[WhiteTeam "C.E. STRASBOURG"]
[BlackTeam "METZ FISCHER"]
[WhiteFideId "605492"]
[BlackFideId "4125029"]
[EventDate "2015.05.30"]

1. e4 c6 2. d4 d5 3. Nc3 dxe4 4. Nxe4 Bf5 5. Ng3 Bg6 6. h4 h6 7. Nf3 Nd7 8. h5
Bh7 9. Bd3 Bxd3 10. Qxd3 e6 11. Bd2 a5 12. O-O-O Bb4 13. Kb1 Bxd2 14. Nxd2 Ngf6
15. Nge4 Nxe4 16. Nxe4 Nf6 17. f3 O-O 18. g4 Nxe4 19. Qxe4 Qd5 20. Rhg1 Qxe4 21.
fxe4 g5 22. c4 b5 1/2-1/2

[Event "TCh-FRA Top 12 2015"]
[Site "Montpellier FRA"]
[Date "2015.06.06"]
[Round "8.5"]
[Board "3"]
[White "Postny, Evgeny"]
[Black "Sanikidze, Tornike"]
[Result "1/2-1/2"]
[WhiteTitle "GM"]
[BlackTitle "GM"]
[WhiteElo "2630"]
[BlackElo "2515"]
[WhiteTeam "METZ FISCHER"]
[BlackTeam "C.E. STRASBOURG"]
[WhiteFideId "2804344"]
[BlackFideId "13602608"]
[EventDate "2015.05.30"]

1. d4 d5 2. c4 e6 3. Nf3 Nf6 4. g3 dxc4 5. Bg2 Nc6 6. Qa4 Bb4+ 7. Bd2 Bd6 8. Ne5
Bxe5 9. Bxc6+ bxc6 10. dxe5 Nd7 11. O-O Rb8 12. Bc3 Nb6 13. Qxc6+ Qd7 14. Qxd7+
Bxd7 15. Bd4 Na4 16. Na3 c5 17. Bc3 Ke7 18. Rab1 Bc6 19. f3 Rhd8 20. Ba5 Rd4 21.
b3 cxb3 22. axb3 Nb6 23. Rfc1 Rd5 24. e4 Rxe5 25. Bc3 Rg5 26. Bd2 Rg6 27. Rxc5
e5 28. Rxe5+ Re6 29. Bb4+ Kf6 30. Ra5 Nc8 31. Bc3+ Kg6 32. Nc2 f6 33. Nd4 Rd6
34. Rc5 Bd7 35. Ra1 Rb7 36. Kf2 Ne7 37. Ke3 Rdb6 38. Ba5 Ra6 39. Rac1 Nc6 40.
Rxc6 Bxc6 41. Nxc6 Rxb3+ 42. Kf4 Kh5 43. h4 g5+ 44. hxg5 fxg5+ 45. Ke5 Rxf3 46.
Kd4 Rxg3 47. Rh1+ Kg6 48. Ne7+ Kf7 49. Rxh7+ Ke8 50. Nf5 Rb3 51. Kc4 Rb1 52.
Rh8+ Kf7 53. Rh7+ Kg8 54. Rg7+ Kh8 55. Bc7 Ra4+ 56. Kd3 Rb3+ 57. Kc2 Rb7 58. Kd3
Rb3+ 59. Kc2 Rb7 60. Kd3 1/2-1/2

[Event "TCh-FRA Top 12 2015"]
[Site "Montpellier FRA"]
[Date "2015.06.06"]
[Round "8.5"]
[Board "4"]
[White "Vaisser, Anatoly"]
[Black "Koch, Jean-Rene"]
[Result "1/2-1/2"]
[WhiteTitle "GM"]
[BlackTitle "IM"]
[WhiteElo "2530"]
[BlackElo "2452"]
[WhiteTeam "C.E. STRASBOURG"]
[BlackTeam "METZ FISCHER"]
[WhiteFideId "603252"]
[BlackFideId "600148"]
[EventDate "2015.05.30"]

1. d4 d5 2. Bf4 Nf6 3. e3 c5 4. c3 Nc6 5. Nd2 Qb6 6. Qb3 e6 7. Qxb6 axb6 8. Bc7
Nd7 9. Bb5 Be7 10. Ngf3 Bd8 11. Bd6 Be7 12. Bc7 Bd8 13. Bg3 Na7 14. Be2 Nf6 15.
O-O Bd7 16. Ne5 Rc8 17. a4 Bc7 18. Nxd7 Kxd7 19. a5 bxa5 20. Bxc7 Rxc7 21. Rxa5
b6 22. Ra6 Rb8 23. Rfa1 Nc8 24. Nf3 c4 25. Ne5+ Ke7 26. f3 Nd7 27. Nxd7 Kxd7 28.
e4 Ne7 29. R1a3 b5 30. b4 Nc6 31. exd5 exd5 32. Kf2 Kc8 33. f4 Kb7 34. Bf3 Rd8
35. Ra1 Re7 36. R6a2 Ree8 37. g4 f6 38. h4 Re7 39. g5 f5 40. h5 Re6 41. Rh1 Re7
42. h6 g6 43. Re1 Rxe1 44. Kxe1 Kc7 45. Kd1 Kd6 46. Ra6 Kc7 47. Kd2 Kb7 48. Ra1
Kc7 49. Kc2 Kd6 1/2-1/2

[Event "TCh-FRA Top 12 2015"]
[Site "Montpellier FRA"]
[Date "2015.06.06"]
[Round "8.5"]
[Board "5"]
[White "Wirig, Anthony"]
[Black "Sebag, Marie"]
[Result "1/2-1/2"]
[WhiteTitle "GM"]
[BlackTitle "GM"]
[WhiteElo "2496"]
[BlackElo "2483"]
[WhiteTeam "METZ FISCHER"]
[BlackTeam "C.E. STRASBOURG"]
[WhiteFideId "615013"]
[BlackFideId "617822"]
[EventDate "2015.05.30"]

1. d4 d5 2. c4 c6 3. Nc3 Nf6 4. e3 e6 5. Nf3 Nbd7 6. Qc2 Bd6 7. Bd3 O-O 8. O-O
e5 9. cxd5 cxd5 10. e4 exd4 11. Nxd5 Nxd5 12. exd5 h6 13. b3 Ne5 14. Nxe5 Bxe5
15. Re1 Qf6 16. Qe2 Bd6 17. Qe4 g6 18. Bb2 Bf5 19. Qf3 Bb4 20. Red1 Bc3 21. Bxc3
dxc3 22. Rac1 Rac8 23. g4 Qg5 24. Bxf5 gxf5 25. Qxf5 Qxf5 26. gxf5 Rfd8 27. Rd3
c2 28. Rd2 Kg7 29. Rdxc2 Rxc2 30. Rxc2 Rxd5 31. Rc7 Rb5 32. Kg2 Kf6 33. Kg3 a5
34. Rd7 h5 35. h4 Rb4 36. f3 b6 37. Rd6+ Ke5 38. Rh6 f6 39. Rxh5 a4 40. bxa4
Rxa4 41. Rh8 Rxa2 42. h5 1/2-1/2

[Event "TCh-FRA Top 12 2015"]
[Site "Montpellier FRA"]
[Date "2015.06.06"]
[Round "8.5"]
[Board "6"]
[White "Rozentalis, Eduardas"]
[Black "Belkhodja, Slim"]
[Result "1/2-1/2"]
[WhiteTitle "GM"]
[BlackTitle "GM"]
[WhiteElo "2529"]
[BlackElo "2417"]
[WhiteTeam "C.E. STRASBOURG"]
[BlackTeam "METZ FISCHER"]
[WhiteFideId "12800023"]
[BlackFideId "600229"]
[EventDate "2015.05.30"]

1. e4 c5 2. Nf3 Nc6 3. Bb5 Nf6 4. e5 Ng4 5. Bxc6 dxc6 6. d3 g6 7. Nc3 Bg7 8. Bf4
Nh6 9. Ne4 b6 10. Qd2 Nf5 11. O-O-O h5 12. Rhe1 Nd4 13. Nxd4 cxd4 14. Kb1 Be6
15. Ng5 Qd5 16. b3 a5 17. Nxe6 Qxe6 18. h3 c5 19. f3 a4 20. g4 Kd7 21. Qg2 Ra7
22. Bc1 axb3 23. cxb3 Qd5 24. Re4 e6 25. f4 hxg4 26. hxg4 Raa8 27. Rf1 Kc6 28.
f5 gxf5 29. gxf5 Rag8 30. Qf3 Bh6 31. fxe6 1/2-1/2

[Event "TCh-FRA Top 12 2015"]
[Site "Montpellier FRA"]
[Date "2015.06.06"]
[Round "8.5"]
[Board "7"]
[White "Terrieux, Kevin"]
[Black "Roos, Louis"]
[Result "1-0"]
[WhiteTitle "IM"]
[BlackTitle "IM"]
[WhiteElo "2439"]
[BlackElo "2370"]
[WhiteTeam "METZ FISCHER"]
[BlackTeam "C.E. STRASBOURG"]
[WhiteFideId "622591"]
[BlackFideId "600288"]
[EventDate "2015.05.30"]

1. d4 d5 2. c4 c6 3. cxd5 cxd5 4. Nc3 Nf6 5. Bf4 Nc6 6. Nf3 Qb6 7. Qb3 e6 8.
Qxb6 axb6 9. a3 Be7 10. e3 O-O 11. Rc1 Bd7 12. Bc7 Bd8 13. Bd6 Be7 14. Bxe7 Nxe7
15. Bd3 Rfd8 16. Ke2 Nf5 17. Bxf5 exf5 18. Ne5 Be8 19. f3 Rac8 20. Kd2 Kf8 21.
Na2 Ng8 22. Nb4 Ne7 23. Rxc8 Rxc8 24. Ned3 Bb5 25. Nf4 Rd8 26. h4 g6 27. Rc1 Rd7
28. b3 Ke8 29. a4 Bc6 1-0

[Event "TCh-FRA Top 12 2015"]
[Site "Montpellier FRA"]
[Date "2015.06.06"]
[Round "8.5"]
[Board "8"]
[White "Heinz, Timothee"]
[Black "Benmesbah, Natacha"]
[Result "1/2-1/2"]
[WhiteTitle "FM"]
[BlackTitle "WIM"]
[WhiteElo "2350"]
[BlackElo "2199"]
[WhiteTeam "C.E. STRASBOURG"]
[BlackTeam "METZ FISCHER"]
[WhiteFideId "623369"]
[BlackFideId "642002"]
[EventDate "2015.05.30"]

1. c4 c5 2. g3 Nf6 3. Bg2 e6 4. Nf3 Be7 5. O-O Qc7 6. Nc3 a6 7. b3 b6 8. d4 cxd4
9. Bf4 d6 10. Nxd4 Bb7 11. Bxd6 Bxd6 12. Ndb5 axb5 13. Nxb5 Bxg2 14. Nxc7+ Bxc7
15. Kxg2 O-O 16. a3 Rd8 17. Qb1 Nbd7 18. b4 Ne5 19. Rc1 Ra4 20. Qb3 Rda8 21. Qe3 1/2-1/2

[Event "TCh-FRA Top 12 2015"]
[Site "Montpellier FRA"]
[Date "2015.06.06"]
[Round "8.6"]
[Board "1"]
[White "Donchenko, Alexander"]
[Black "Ipatov, Alexander"]
[Result "0-1"]
[WhiteTitle "IM"]
[BlackTitle "GM"]
[WhiteElo "2570"]
[BlackElo "2612"]
[WhiteTeam "VANDOEUVRE-ECHECS"]
[BlackTeam "C-E BOIS-COLOMBES"]
[WhiteFideId "24603295"]
[BlackFideId "14116731"]
[EventDate "2015.05.30"]

1. Nf3 Nf6 2. c4 g6 3. Nc3 d5 4. d4 Bg7 5. Qb3 dxc4 6. Qxc4 O-O 7. e4 a6 8. Be2
b5 9. Qb3 c5 10. dxc5 Be6 11. Qc2 Nbd7 12. Be3 Rc8 13. Rd1 b4 14. Nd5 Bxd5 15.
exd5 Nxc5 16. O-O Nce4 17. Qd3 Qd6 18. Bd4 a5 19. Be5 Qc5 20. Qb1 Nd6 21. Bd4
Qc2 22. Qxc2 Rxc2 23. Rfe1 Ra8 24. Bf1 Kf8 25. a4 Nf5 26. Be5 Rd8 27. Bd3 Rcc8
28. Bxf5 gxf5 29. Nd4 Nxd5 30. Bxg7+ Kxg7 31. Nxf5+ Kf6 32. Nd4 Nb6 33. b3 Rd5
34. Nb5 Rc2 35. f4 Rdd2 36. Rxd2 Rxd2 37. Nc7 e6 38. Re5 Rc2 39. Nb5 Nd5 40. g3
Rd2 41. Nd6 Rd3 42. Ne4+ Ke7 43. f5 Rxb3 44. fxe6 Rb1+ 45. Kg2 fxe6 46. Rh5 b3
47. Rxh7+ Kd8 48. Rb7 Nb4 0-1

[Event "TCh-FRA Top 12 2015"]
[Site "Montpellier FRA"]
[Date "2015.06.06"]
[Round "8.6"]
[Board "2"]
[White "Duda, Jan-Krzysztof"]
[Black "Solodovnichenko, Yuri"]
[Result "1/2-1/2"]
[WhiteTitle "GM"]
[BlackTitle "GM"]
[WhiteElo "2610"]
[BlackElo "2592"]
[WhiteTeam "C-E BOIS-COLOMBES"]
[BlackTeam "VANDOEUVRE-ECHECS"]
[WhiteFideId "1170546"]
[BlackFideId "14104369"]
[EventDate "2015.05.30"]

1. e4 c5 2. Nf3 e6 3. d4 cxd4 4. Nxd4 Nc6 5. Nc3 d6 6. Be2 Nf6 7. Be3 Be7 8. Qd2
O-O 9. O-O-O Nxd4 10. Qxd4 Qa5 11. g4 d5 12. Kb1 dxe4 13. g5 e5 14. Qc4 Be6 15.
gxf6 Bxc4 16. fxe7 Bxe2 17. exf8=Q+ Rxf8 18. Nxe2 f5 19. Nc3 Rd8 20. Rdg1 b5 21.
a3 b4 22. axb4 Qxb4 23. Rg5 Rb8 24. Nd1 f4 25. Bc1 Qd6 26. Rhg1 Rb7 27. h4 a5
28. Nc3 h6 29. Nxe4 Qd4 30. Nf6+ Kh8 31. Rg6 gxf6 32. Rxh6+ Rh7 33. Rxf6 Rg7 34.
Re1 Rg2 35. Rc6 Rxf2 36. b3 Qd5 37. Rc7 Qd6 38. Bb2 Re2 39. Rxe2 Qd1+ 40. Ka2
Qxe2 41. Rc5 Kh7 42. Bxe5 f3 43. Bd4 a4 44. Ka3 axb3 45. cxb3 f2 46. Bxf2 Qxf2
47. b4 Kg7 48. h5 Kf7 49. Ka4 Ke7 50. Ka3 Kd6 51. Kb3 Qd2 52. Kc4 Qe2+ 53. Kc3
Qa6 54. Ra5 Qf1 55. Rc5 Qb1 56. Kc4 Qb2 57. Rd5+ Ke6 58. Rc5 Qc2+ 59. Kb5 Qd3+
60. Ka5 Kd7 61. Kb6 Qe4 62. Kb5 Kd6 63. Ka5 Qe8 64. Kb6 Qa4 65. Rc4 Qe8 66. Rc5
Qb8+ 67. Ka5 Qa7+ 68. Kb5 Qa2 69. Kb6 Qa4 70. Rc4 Qe8 1/2-1/2

[Event "TCh-FRA Top 12 2015"]
[Site "Montpellier FRA"]
[Date "2015.06.06"]
[Round "8.6"]
[Board "3"]
[White "Savina, Anastasia"]
[Black "Cornette, Matthieu"]
[Result "1/2-1/2"]
[WhiteTitle "IM"]
[BlackTitle "GM"]
[WhiteElo "2417"]
[BlackElo "2590"]
[WhiteTeam "VANDOEUVRE-ECHECS"]
[BlackTeam "C-E BOIS-COLOMBES"]
[WhiteFideId "4196872"]
[BlackFideId "620084"]
[EventDate "2015.05.30"]

1. d4 Nf6 2. c4 e6 3. Nc3 Bb4 4. Nf3 b6 5. e3 Bb7 6. Bd3 O-O 7. Qc2 c5 8. a3 Ba5
9. Bd2 Bxf3 10. gxf3 Nc6 11. d5 Ne5 12. Be2 exd5 13. cxd5 d6 14. f4 Ned7 15. Rb1
Bxc3 16. bxc3 Re8 17. c4 Ne4 18. Bc1 Qh4 19. O-O Ndf6 20. f3 Ng3 21. hxg3 Qxg3+
22. Kh1 Qh3+ 23. Kg1 Qg3+ 1/2-1/2

[Event "TCh-FRA Top 12 2015"]
[Site "Montpellier FRA"]
[Date "2015.06.06"]
[Round "8.6"]
[Board "4"]
[White "Bauer, Christian"]
[Black "Nezar, Mustapha"]
[Result "1-0"]
[WhiteTitle "GM"]
[BlackTitle "IM"]
[WhiteElo "2624"]
[BlackElo "2382"]
[WhiteTeam "C-E BOIS-COLOMBES"]
[BlackTeam "VANDOEUVRE-ECHECS"]
[WhiteFideId "603767"]
[BlackFideId "608637"]
[EventDate "2015.05.30"]

1. Nf3 Nf6 2. g3 d5 3. Bg2 c6 4. O-O Bg4 5. d3 Nbd7 6. Qe1 e5 7. e4 dxe4 8. dxe4
Bc5 9. Nbd2 O-O 10. h3 Bh5 11. Nc4 Re8 12. Bd2 Qc7 13. Nh4 Nb6 14. Na5 Bd4 15.
c3 Bc5 16. b4 Bf8 17. f3 Nfd7 18. Rf2 f6 19. Bf1 Bf7 20. Nf5 Nc8 21. Be3 Ne7 22.
Nxe7+ Bxe7 23. Rd1 Red8 24. Rfd2 b6 25. Nc4 Nf8 26. a4 Rxd2 27. Rxd2 Rd8 28. h4
Rxd2 29. Qxd2 Qd7 30. Qc2 Be6 31. Bf2 Qc7 32. Ne3 Nd7 33. Bc4 Bxc4 34. Nxc4 Kf8
35. Qb3 b5 36. Ne3 g6 37. axb5 cxb5 38. Nd5 Qc4 39. Qxc4 bxc4 40. Bxa7 Bd6 41.
Ne3 1-0

[Event "TCh-FRA Top 12 2015"]
[Site "Montpellier FRA"]
[Date "2015.06.06"]
[Round "8.6"]
[Board "5"]
[White "Brunner, Nicolas"]
[Black "Shoker, Samy"]
[Result "1/2-1/2"]
[WhiteTitle "IM"]
[BlackTitle "GM"]
[WhiteElo "2432"]
[BlackElo "2484"]
[WhiteTeam "VANDOEUVRE-ECHECS"]
[BlackTeam "C-E BOIS-COLOMBES"]
[WhiteFideId "620246"]
[BlackFideId "627143"]
[EventDate "2015.05.30"]

1. d4 Nf6 2. c4 c5 3. d5 d6 4. Nc3 g6 5. e4 Bg7 6. h3 O-O 7. Bd3 e6 8. Nf3 Na6
9. O-O Nc7 10. dxe6 Nxe6 11. Bc2 Nd7 12. Qxd6 Ne5 13. Qxd8 Nxf3+ 14. gxf3 Rxd8
15. Kg2 Nd4 16. Ba4 Be6 17. Nd5 b5 18. cxb5 Bxd5 19. exd5 Rxd5 20. Be3 a6 21.
Bb3 Rf5 22. bxa6 Rxa6 23. Bc4 Ra4 24. Bd3 Rxf3 25. Bb5 Nxb5 26. Kxf3 Bxb2 27.
Bxc5 Bxa1 28. Rxa1 f5 29. Rb1 Nc3 30. Rb8+ Kf7 31. Rb7+ Ke6 32. Rxh7 Ne4 33. Be3
Rxa2 34. Rg7 g5 35. Bxg5 Rxf2+ 36. Ke3 Rg2 37. h4 Rg3+ 38. Kf4 Rg4+ 39. Kf3 Rg3+
40. Kf4 Rg4+ 41. Kf3 Rg3+ 1/2-1/2

[Event "TCh-FRA Top 12 2015"]
[Site "Montpellier FRA"]
[Date "2015.06.06"]
[Round "8.6"]
[Board "6"]
[White "Maze, Sebastien"]
[Black "Le Corre, Benjamin"]
[Result "1-0"]
[WhiteTitle "GM"]
[BlackTitle "FM"]
[WhiteElo "2572"]
[BlackElo "2307"]
[WhiteTeam "C-E BOIS-COLOMBES"]
[BlackTeam "VANDOEUVRE-ECHECS"]
[WhiteFideId "613762"]
[BlackFideId "639605"]
[EventDate "2015.05.30"]

1. c4 Nf6 2. Nc3 g6 3. e4 d6 4. g3 Bg7 5. Bg2 c5 6. Nge2 Nc6 7. d3 O-O 8. O-O
Ne8 9. Be3 Nc7 10. d4 cxd4 11. Nxd4 Ne6 12. Nde2 Bd7 13. f4 Nc5 14. Qd2 b6 15.
Rab1 a5 16. b3 Rb8 17. Rfd1 Qc8 18. a3 Bg4 19. b4 axb4 20. axb4 Nd7 21. Rdc1 Kh8
22. Nd5 Qd8 23. Nd4 Nxd4 24. Bxd4 e5 25. Bb2 Be6 26. Ra1 Rc8 27. Ne3 b5 28. Qxd6
Bxc4 29. Bh3 Nb6 30. Rd1 Qxd6 31. Rxd6 exf4 32. Bxg7+ Kxg7 33. gxf4 Rb8 34. Ra6
Nc8 35. Rdc6 Bd3 36. e5 Be4 37. Rc7 Kh8 38. Rf6 Ra8 39. Rfxf7 Rxf7 40. Rxf7 Nb6
41. e6 Bd5 42. Nxd5 Nxd5 43. e7 Ra1+ 44. Bf1 Nc7 45. Rf8+ Kg7 46. Rc8 1-0

[Event "TCh-FRA Top 12 2015"]
[Site "Montpellier FRA"]
[Date "2015.06.06"]
[Round "8.6"]
[Board "7"]
[White "Philippe, Christophe"]
[Black "Koziak, Vitali"]
[Result "1/2-1/2"]
[WhiteTitle "IM"]
[BlackTitle "IM"]
[WhiteElo "2375"]
[BlackElo "2467"]
[WhiteTeam "VANDOEUVRE-ECHECS"]
[BlackTeam "C-E BOIS-COLOMBES"]
[WhiteFideId "610038"]
[BlackFideId "14102234"]
[EventDate "2015.05.30"]

1. d4 d5 2. Nf3 Nf6 3. e3 g6 4. c4 Bg7 5. Nc3 O-O 6. cxd5 Nxd5 7. Bc4 Nb6 8. Bb3
Nc6 9. O-O e5 10. dxe5 Nxe5 11. Nxe5 Bxe5 12. f4 Bxc3 13. bxc3 Bf5 14. Qf3 Qd3
15. Rd1 Qxc3 16. Ba3 Rfe8 17. Rac1 Qxe3+ 18. Qxe3 Rxe3 19. Rxc7 Be6 20. Bxe6
Rxe6 21. Rxb7 Re2 22. Be7 Rxa2 23. Bf6 Re8 24. Re7 Rc8 25. Rc7 Re8 26. Re7 Rc8
27. Rc7 Re8 1/2-1/2

[Event "TCh-FRA Top 12 2015"]
[Site "Montpellier FRA"]
[Date "2015.06.06"]
[Round "8.6"]
[Board "8"]
[White "Guichard, Pauline"]
[Black "Steil-Antoni, Fiona"]
[Result "1-0"]
[WhiteTitle "WGM"]
[BlackTitle "WIM"]
[WhiteElo "2367"]
[BlackElo "2094"]
[WhiteTeam "C-E BOIS-COLOMBES"]
[BlackTeam "VANDOEUVRE-ECHECS"]
[WhiteFideId "639370"]
[BlackFideId "4001249"]
[EventDate "2015.05.30"]

1. d4 d5 2. c4 e6 3. Nc3 Be7 4. cxd5 exd5 5. Bf4 c6 6. e3 Nf6 7. Bd3 O-O 8. Nge2
Re8 9. h3 Bd6 10. Qc2 Bxf4 11. Nxf4 Nbd7 12. g4 Qa5 13. Kf1 Nf8 14. g5 Ne4 15.
h4 Bf5 16. Kg2 g6 17. Rag1 Nd6 18. Nh5 Nd7 19. Ng3 Bxd3 20. Qxd3 Re7 21. h5 Rae8
22. hxg6 fxg6 23. Rh6 Ne4 24. Rgh1 Nf8 25. Ngxe4 dxe4 26. Qc4+ Kg7 27. d5 Re5
28. dxc6 bxc6 29. Kf1 Qc5 30. Qxc5 Rxc5 31. R6h4 Rxg5 32. Nxe4 Ra5 33. Nc3 Rb8
34. b4 Ra3 35. Rc4 Rb6 36. Kg2 Nd7 37. f4 a5 38. bxa5 Rb2+ 39. Kf3 Rc2 40. Rd1
Nb8 41. Rb4 h5 42. Rb7+ Kh6 43. Rd8 1-0

[Event "TCh-FRA Top 12 2015"]
[Site "Montpellier FRA"]
[Date "2015.06.07"]
[Round "9.1"]
[Board "1"]
[White "Feller, Sebastien"]
[Black "Demuth, Adrien"]
[Result "1-0"]
[WhiteTitle "GM"]
[BlackTitle "IM"]
[WhiteElo "2626"]
[BlackElo "2515"]
[WhiteTeam "EVRY GRAND ROQUE"]
[BlackTeam "POITIERS-MIGNE"]
[WhiteFideId "634654"]
[BlackFideId "642274"]
[EventDate "2015.05.30"]

1. e4 c5 2. Nc3 Nc6 3. g3 g6 4. Bg2 Bg7 5. d3 d6 6. Be3 Nh6 7. h3 f5 8. Qd2 Nf7
9. Nge2 O-O 10. h4 Nd4 11. h5 Nxe2 12. Qxe2 e6 13. hxg6 hxg6 14. exf5 exf5 15.
Nd5 Bxb2 16. Rb1 Bg7 17. Bxc5 Be6 18. Qxe6 Re8 19. Qxe8+ Qxe8+ 20. Be3 Rb8 21.
Kf1 b6 22. g4 Qa4 23. Ne7+ Kf8 24. Nxg6+ Kg8 25. Ne7+ Kf8 26. Ng6+ Kg8 27. Ne7+
Kf8 28. Nxf5 Qxc2 29. Rc1 Qxd3+ 30. Kg1 Ne5 31. Rh3 Qe2 32. Nxg7 Kxg7 33. Rc7+
Nf7 34. Bf3 Qxa2 35. Rh5 Re8 36. Bd5 Qb1+ 37. Kg2 Rxe3 38. Rxf7+ Kg6 39. fxe3
Qd1 40. Rf3 Qc2+ 41. Kg3 Qb1 42. Rh1 Qd3 43. Be6 Qc3 44. Bf5+ Kf6 45. Rh6+ Ke7
46. Rh7+ Kf6 47. Be4+ Ke6 48. Bd5+ Ke5 49. Rh5# 1-0